Catalog

Record Details

Catalog Search



Mirror mirror : a book of reverso poems  Cover Image Book Book

Mirror mirror : a book of reverso poems / Marilyn Singer ; illustrated by Josée Masse.

Singer, Marilyn. (Author). Masse, Josée. (Illustrator).

Summary:

A collection of short poems called reversos which, when reversed, provide new perspectives on the fairy tale characters they feature.

Record details

  • ISBN: 9780525479017
  • ISBN: 0525479015
  • Physical Description: 1 volume (unpaged) : color illustrations ; 27 cm.
  • Edition: First edition.
  • Publisher: New York, N.Y. : Dutton Children's Books, ©2010.

Content descriptions

Formatted Contents Note:
In reverse -- Cinderella's double life -- The sleeping beauty and the wide-awake prince -- Rapunzel's locks -- In the hood -- The doubtful duckling -- Mirror mirror -- Full of beans -- Bears in the news -- Have another chocolate -- Do you know my name? -- Disappointment -- Longing for beauty -- The road.
Target Audience Note:
Grades 3-6 (SLJ).
Awards Note:
A Junior Library Guild selection
Horn Book Fanfare List, 2011.
Subject: Characters and characteristics in literature > Juvenile poetry.
American poetry.
Poetry.

LDR 01791nam a2200397 a 4500
001145153
003CONS
00520180118110455.0
008090518s2010 nyua b 000 p eng
010 . ‡a 2009017917
020 . ‡a9780525479017 ‡q(hardcover)
020 . ‡a0525479015 ‡q(hardcover)
035 . ‡a(CPomAG)LMN603245
042 . ‡alcac
05000. ‡aPS3569.I546 ‡bM57 2010
08200. ‡a811/.54 ‡222
1001 . ‡aSinger, Marilyn.
24510. ‡aMirror mirror : ‡ba book of reverso poems / ‡cMarilyn Singer ; illustrated by Josée Masse.
250 . ‡aFirst edition.
260 . ‡aNew York, N.Y. : ‡bDutton Children's Books, ‡c©2010.
300 . ‡a1 volume (unpaged) : ‡bcolor illustrations ; ‡c27 cm.
336 . ‡atext ‡btxt ‡2rdacontent
337 . ‡aunmediated ‡bn ‡2rdamedia
338 . ‡avolume ‡bnc ‡2rdacarrier
5050 . ‡aIn reverse -- Cinderella's double life -- The sleeping beauty and the wide-awake prince -- Rapunzel's locks -- In the hood -- The doubtful duckling -- Mirror mirror -- Full of beans -- Bears in the news -- Have another chocolate -- Do you know my name? -- Disappointment -- Longing for beauty -- The road.
520 . ‡aA collection of short poems called reversos which, when reversed, provide new perspectives on the fairy tale characters they feature.
5210 . ‡aGrades 3-6 (SLJ).
5868 . ‡aA Junior Library Guild selection
586 . ‡aHorn Book Fanfare List, 2011.
650 0. ‡aCharacters and characteristics in literature ‡vJuvenile poetry.
650 1. ‡aAmerican poetry.
650 1. ‡aPoetry.
7001 . ‡aMasse, Josée. ‡4ill
914 . ‡aSCP_kt
959 . ‡i32269001038531 ‡lJ 811.54 Sin ‡aJuvenile - NonFiction ‡tJuv Nonfiction ‡g17.00
852 . ‡p32269001038531 ‡jJ 811.54 Sin ‡gJuvenile - NonFiction ‡cJuv Nonfiction ‡y17.00 ‡bSBPL
901 . ‡a145153 ‡bUnknown ‡c145153 ‡tbiblio

Additional Resources